000 00360cam a2200145ua 4500
041 _aeng
_h
082 _a823.301
_bSAB/SC
100 _aSabatini, Rafael .
245 _aScaramouche /
_cRafael Sabatini.
_hTextual Documents
260 _aLondon :
_bOxford University Press ,
_c1961.
300 _a142 ; .
504 _a
942 _cBK
999 _c12547
_d12547